000
00311nam a2200133Ia 4500
005
20251222143109.0
008
251222s9999||||xx |||||||||||||| ||spa||
020
_a
84-7583-669-0
082
_a
940.21/C81/V.I
100
_a
Cornell, Tim
245
0
_a
El Mundo del Renacimiento
264
_b
Folio
942
_c
LIB
999
_c
11092
_d
11092